[Event "POL-chT 61st"]
[Site "Lubniewice"]
[Date "2005.09.10"]
[Round "8"]
[White "Guzkowska, Magdalena"]
[Black "Jakubiec, Edyta"]
[Result "1-0"]
[WhiteElo "2140"]
[BlackElo "2178"]
[PlyCount "71"]
[EventDate "2005.09.03"]
[EventType "team-tourn"]
[EventRounds "9"]
[EventCountry "POL"]
[SourceTitle "EXT 2019"]
[Source "ChessBase"]
[SourceDate "2018.10.10"]
[SourceVersion "1"]
[SourceVersionDate "2018.10.10"]
[SourceQuality "1"]
[WhiteTeam "Rzeszow Zelmer"]
[BlackTeam "Jaworzno JKSz MCKiS"]
[WhiteTeamCountry "POL"]
[BlackTeamCountry "POL"]

1. d4 Nf6 2. c4 e6 3. Nc3 Bb4 4. Qc2 0-0 5. f3 c5 6. dxc5 Bxc5 7. Bg5 Be7 8. e4 Nc6 9. 0-0-0 a6 10. f4 b5 11. e5 Ne8 12. Bxe7 Qxe7 13. Nf3 bxc4 14. Bxc4 d5 15. Bd3 g6 16. Nxd5 exd5 17. Qxc6 Bb7 18. Qb6 Ng7 19. Kb1 Rab8 20. Rc1 Ba8 21. Qa5 Qa7 22. Rhe1 Rb6 23. Nd4 Rfb8 24. b3 Qd7 25. Re2 Rb4 26. Qc5 a5 27. Rec2 a4 28. Bb5 R4xb5 29. Nxb5 Ne6 30. Qa7 Qxb5 31. Qxb8+ Qxb8 32. Rc8+ Qxc8 33. Rxc8+ Kg7 34. Rxa8 axb3 35. axb3 Nxf4 36. b4 1-0

[Event "POL-chT 61st"]
[Site "Lubniewice"]
[Date "2005.09.07"]
[Round "5"]
[White "Guzkowska, Magdalena"]
[Black "Mikulewicz, Joanna"]
[Result "1-0"]
[WhiteElo "2140"]
[BlackElo "2069"]
[PlyCount "55"]
[EventDate "2005.09.03"]
[EventType "team-tourn"]
[EventRounds "9"]
[EventCountry "POL"]
[SourceTitle "EXT 2019"]
[Source "ChessBase"]
[SourceDate "2018.10.10"]
[SourceVersion "1"]
[SourceVersionDate "2018.10.10"]
[SourceQuality "1"]
[WhiteTeam "Rzeszow Zelmer"]
[BlackTeam "Gorzow Wielkopolski Stilon"]
[WhiteTeamCountry "POL"]
[BlackTeamCountry "POL"]

1. d4 Nf6 2. c4 g6 3. Nc3 Bg7 4. Nf3 0-0 5. Bg5 d6 6. Qd2 c5 7. d5 Qa5 8. e4 a6 9. Bd3 b5 10. 0-0 Re8 11. cxb5 axb5 12. Bxf6 Bxf6 13. e5 dxe5 14. Bxb5 Rd8 15. a4 Bb7 16. Qe3 Qb4 17. Nxe5 Qd4 18. Nc6 Qxe3 19. fxe3 Bxc6 20. dxc6 Na6 21. Rad1 Nc7 22. Ne4 Rxd1 23. Nxf6+ exf6 24. Rxd1 Ne6 25. Rd7 Rc8 26. a5 Rb8 27. Rb7 Rc8 28. a6 1-0

[Event "POL-chT 61st"]
[Site "Lubniewice"]
[Date "2005.09.05"]
[Round "3"]
[White "Guzkowska, Magdalena"]
[Black "Kupczyk, Edyta"]
[Result "1-0"]
[WhiteElo "2140"]
[BlackElo "2123"]
[PlyCount "81"]
[EventDate "2005.09.03"]
[EventType "team-tourn"]
[EventRounds "9"]
[EventCountry "POL"]
[SourceTitle "EXT 2019"]
[Source "ChessBase"]
[SourceDate "2018.10.10"]
[SourceVersion "1"]
[SourceVersionDate "2018.10.10"]
[SourceQuality "1"]
[WhiteTeam "Rzeszow Zelmer"]
[BlackTeam "Katowice Hetman Szopienice"]
[WhiteTeamCountry "POL"]
[BlackTeamCountry "POL"]

1. c4 e5 2. g3 g6 3. Bg2 Bg7 4. Nc3 Nc6 5. d3 d6 6. e3 f5 7. Nge2 Nf6 8. Nd5 0-0 9. b4 Nxd5 10. Bxd5+ Kh8 11. Rb1 a5 12. a3 axb4 13. axb4 g5 14. h4 gxh4 15. Rxh4 Qe7 16. b5 Nd8 17. Bb2 c6 18. bxc6 bxc6 19. Bg2 Be6 20. Ra1 Rb8 21. Qc2 Qd7 22. Ba3 Re8 23. e4 d5 24. exd5 cxd5 25. c5 Nc6 26. Kf1 d4 27. Qa4 Bd5 28. Qd1 Bb3 29. Qd2 Rb5 30. Qg5 Rf8 31. Qg6 Bf6 32. Bxc6 Bxh4 33. Bxd7 hxg6 34. Bxb5 Bf6 35. Bd7 Ra8 36. Bb2 Rb8 37. c6 Bd8 38. Nxd4 exd4 39. Bxd4+ Kg8 40. Be5 Rb6 41. Ra8 1-0

[Event "POL-chT 61st"]
[Site "Lubniewice"]
[Date "2005.09.03"]
[Round "1"]
[White "Guzkowska, Magdalena"]
[Black "Worek, Joanna"]
[Result "1/2-1/2"]
[WhiteElo "2140"]
[BlackElo "2263"]
[PlyCount "72"]
[EventDate "2005.09.03"]
[EventType "team-tourn"]
[EventRounds "9"]
[EventCountry "POL"]
[SourceTitle "EXT 2019"]
[Source "ChessBase"]
[SourceDate "2018.10.10"]
[SourceVersion "1"]
[SourceVersionDate "2018.10.10"]
[SourceQuality "1"]
[WhiteTeam "Rzeszow Zelmer"]
[BlackTeam "Plock PTSz"]
[WhiteTeamCountry "POL"]
[BlackTeamCountry "POL"]

1. d4 d6 2. Nf3 Bg4 3. Nbd2 Nf6 4. h3 Bh5 5. g4 Bg6 6. Bg2 c6 7. Nh4 e6 8. Nxg6 hxg6 9. Nf3 d5 10. c3 Bd6 11. Ne5 Nbd7 12. Bf4 Qc7 13. Nxd7 Nxd7 14. Bxd6 Qxd6 15. Qd2 b5 16. e4 dxe4 17. Bxe4 Nf6 18. Bf3 Nd5 19. 0-0-0 Rc8 20. Kb1 Nf4 21. h4 a5 22. Rde1 Nd5 23. Re5 Nb6 24. Qg5 b4 25. Rxa5 bxc3 26. Qc5 Qxc5 27. Rxc5 cxb2 28. Bxc6+ Ke7 29. Kxb2 Rhd8 30. Kc3 Rd6 31. Bb5 Ra8 32. Ra1 Ra3+ 33. Kb4 Ra7 34. Kc3 Ra3+ 35. Kb4 Ra7 36. Kc3 Ra3+ 1/2-1/2

[Event "Warsaw-ch"]
[Site "Warsaw"]
[Date "2004.09.24"]
[Round "7"]
[White "Guzkowska, Magdalena"]
[Black "Szymanski, Marcin"]
[Result "0-1"]
[WhiteElo "2206"]
[BlackElo "2415"]
[PlyCount "116"]
[EventDate "2004.09.18"]
[EventType "swiss"]
[EventRounds "9"]
[EventCountry "POL"]
[SourceTitle "EXT 2008"]
[Source "ChessBase"]
[SourceDate "2007.11.25"]
[SourceVersion "1"]
[SourceVersionDate "2007.11.25"]
[SourceQuality "1"]

1. d4 Nf6 2. Bg5 Ne4 3. Bf4 c5 4. f3 Qa5+ 5. c3 Nf6 6. Nd2 cxd4 7. Nb3 Qb6 8. Qxd4 Nc6 9. Qxb6 axb6 10. e4 d5 11. 0-0-0 dxe4 12. Bb5 Bd7 13. Bc7 Rxa2 14. Bxb6 e5 15. fxe4 Nxe4 16. Nf3 f6 17. Kb1 Ra8 18. Rhe1 Nd6 19. Bd3 Bf5 20. Bxf5 Nxf5 21. Rd5 Nd6 22. Red1 Nc4 23. Bf2 Rd8 24. Nc5 Rxd5 25. Rxd5 Nb6 26. Rd1 Bxc5 27. Bxc5 Nd7 28. Ba3 Kd8 29. Nd2 Kc7 30. Ne4 Rd8 31. Nd6 Nb6 32. Kc2 Nc8 33. Nxc8 Rxd1 34. Kxd1 Kxc8 35. Ke2 Kd7 36. g4 Ke6 37. Kd3 b5 38. b3 Kd5 39. c4+ bxc4+ 40. bxc4+ Ke6 41. Ke4 g6 42. h3 f5+ 43. Ke3 Nd8 44. Kf3 Nf7 45. Ke3 Ng5 46. h4 f4+ 47. Ke2 Ne4 48. Bb4 Nd6 49. Kd3 Ne8 50. g5 Kf5 51. c5 Nc7 52. Ba5 e4+ 53. Ke2 Ne6 54. Bc3 Nxc5 55. Bd4 Nd7 56. Bf2 Ne5 57. Bd4 e3 58. Kf1 Ke4 0-1

[Event "Warsaw-ch"]
[Site "Warsaw"]
[Date "2004.09.23"]
[Round "6"]
[White "Alvarado, Carlos"]
[Black "Guzkowska, Magdalena"]
[Result "0-1"]
[WhiteElo "2161"]
[BlackElo "2206"]
[PlyCount "52"]
[EventDate "2004.09.18"]
[EventType "swiss"]
[EventRounds "9"]
[EventCountry "POL"]
[SourceTitle "EXT 2008"]
[Source "ChessBase"]
[SourceDate "2007.11.25"]
[SourceVersion "1"]
[SourceVersionDate "2007.11.25"]
[SourceQuality "1"]

1. Nf3 d5 2. g3 c6 3. Bg2 f5 4. b3 Nf6 5. Bb2 e6 6. 0-0 Bd6 7. Ne5 Nbd7 8. Nxd7 Bxd7 9. c4 0-0 10. d4 f4 11. Nd2 Qe8 12. Nf3 Qh5 13. Qd2 Ne4 14. Qd3 Rf6 15. Ne5 Rh6 16. h3 Bxe5 17. dxe5 Rf8 18. Rad1 Ng5 19. h4 f3 20. exf3 Nxf3+ 21. Bxf3 Rxf3 22. Qd4 Qf5 23. Bc1 Rg6 24. Kg2 Rg4 25. Qxa7 Qe4 26. Kg1 Rfxg3+ 0-1

[Event "Warsaw-ch"]
[Site "Warsaw"]
[Date "2004.09.21"]
[Round "4"]
[White "Deszczynski, Adam"]
[Black "Guzkowska, Magdalena"]
[Result "1-0"]
[WhiteElo "2369"]
[BlackElo "2206"]
[PlyCount "79"]
[EventDate "2004.09.18"]
[EventType "swiss"]
[EventRounds "9"]
[EventCountry "POL"]
[SourceTitle "EXT 2008"]
[Source "ChessBase"]
[SourceDate "2007.11.25"]
[SourceVersion "1"]
[SourceVersionDate "2007.11.25"]
[SourceQuality "1"]

1. e4 e6 2. d3 d5 3. Nd2 Nf6 4. Ngf3 c5 5. g3 Be7 6. Bg2 Nc6 7. 0-0 0-0 8. Re1 Qc7 9. Qe2 Nb4 10. Nf1 d4 11. e5 Nfd5 12. h4 Bd7 13. a3 Nc6 14. N1h2 Rae8 15. Ng4 f5 16. exf6 Bxf6 17. Ng5 Bxg5 18. Bxg5 Bc8 19. h5 Nf6 20. h6 Nxg4 21. Qxg4 Qf7 22. Bf4 e5 23. Qg5 Qf6 24. Bd5+ Kh8 25. hxg7+ Qxg7 26. Qxg7+ Kxg7 27. Bxc6 bxc6 28. Bxe5+ Kg6 29. Bd6 Rxe1+ 30. Rxe1 Rf5 31. Re8 Ba6 32. b3 Rd5 33. Bf8 Kf7 34. Ra8 Re5 35. Kf1 Kg6 36. Rxa7 Bc8 37. Rg7+ Kf6 38. g4 Be6 39. Rc7 Kg5 40. f4+ 1-0

[Event "Warsaw-ch"]
[Site "Warsaw"]
[Date "2004.09.20"]
[Round "3"]
[White "Guzkowska, Magdalena"]
[Black "Nurkiewicz, Maciej"]
[Result "1-0"]
[WhiteElo "2206"]
[BlackElo "2391"]
[PlyCount "81"]
[EventDate "2004.09.18"]
[EventType "swiss"]
[EventRounds "9"]
[EventCountry "POL"]
[SourceTitle "EXT 2008"]
[Source "ChessBase"]
[SourceDate "2007.11.25"]
[SourceVersion "1"]
[SourceVersionDate "2007.11.25"]
[SourceQuality "1"]

1. c4 Nf6 2. g3 e5 3. Bg2 d5 4. cxd5 Nxd5 5. Nc3 Nb6 6. Nf3 Nc6 7. 0-0 Be7 8. d3 0-0 9. Be3 Bg4 10. Nd2 Qd7 11. Nb3 Rad8 12. Nc5 Bxc5 13. Bxc5 Rfe8 14. Re1 Nd4 15. Bxd4 exd4 16. Ne4 Re5 17. Rc1 Qe7 18. f4 Rh5 19. Nf2 Be6 20. e4 Ra5 21. a3 Rb5 22. Qe2 Re8 23. Rc2 Bb3 24. Rd2 c5 25. e5 Nd5 26. Bxd5 Bxd5 27. Ne4 Bxe4 28. Qxe4 Qd7 29. Rc2 f5 30. Qf3 b6 31. b4 cxb4 32. axb4 Rxb4 33. e6 Qe7 34. Qd5 g6 35. Qd7 Kf8 36. Rc8 Rxc8 37. Qxc8+ Qe8 38. e7+ Kf7 39. Qe6+ Kg7 40. Rc1 Kh6 41. Qf6 1-0

[Event "POL-chT 60th"]
[Site "Dzwirzyno"]
[Date "2004.09.12"]
[Round "9"]
[White "Guzkowska, Magdalena"]
[Black "Worek, Joanna"]
[Result "1/2-1/2"]
[WhiteElo "2206"]
[BlackElo "2256"]
[PlyCount "90"]
[EventDate "2004.09.04"]
[EventType "team-tourn"]
[EventRounds "9"]
[EventCountry "POL"]
[SourceTitle "EXT 2019"]
[Source "ChessBase"]
[SourceDate "2018.10.10"]
[SourceVersion "1"]
[SourceVersionDate "2018.10.10"]
[SourceQuality "1"]
[WhiteTeam "Rzeszow Zelmer"]
[BlackTeam "Plock PTSz"]
[WhiteTeamCountry "POL"]
[BlackTeamCountry "POL"]

1. d4 d6 2. Nf3 g6 3. c4 Bg7 4. Nc3 Nf6 5. e4 0-0 6. h3 e5 7. d5 a5 8. Be3 Na6 9. Bd3 Qe8 10. 0-0 Nh5 11. Nd2 f5 12. exf5 gxf5 13. Be2 Nf4 14. Bxf4 exf4 15. Bf3 Qg6 16. Nb3 Bd7 17. Qd2 a4 18. Nd4 Nc5 19. Rfe1 Be5 20. Rab1 Qf6 21. Red1 Kh8 22. b4 axb3 23. axb3 Ra3 24. Ncb5 Bxb5 25. Nxb5 Rxb3 26. Rxb3 Nxb3 27. Qb4 Nd4 28. Nxd4 Bxd4 29. Qxb7 Bb6 30. Qc6 Rg8 31. Qd7 Qe5 32. Qe6 Re8 33. Qxe5+ Rxe5 34. Kf1 Kg7 35. Ra1 Kf6 36. Ra8 Re7 37. Rf8+ Ke5 38. Be2 Ba5 39. g4 fxg3 40. fxg3 Rg7 41. Kf2 Bd2 42. Re8+ Kd4 43. Rf8 Ke5 44. Re8+ Kd4 45. Rf8 Ke5 1/2-1/2

[Event "POL-chT 59th"]
[Site "Lubniewice"]
[Date "2003.09.05"]
[Round "7"]
[White "Guzik, Jolanta"]
[Black "Guzkowska, Magdalena"]
[Result "0-1"]
[WhiteElo "2139"]
[BlackElo "2183"]
[PlyCount "82"]
[EventDate "2003.08.30"]
[EventType "team-tourn"]
[EventRounds "9"]
[EventCountry "POL"]
[SourceTitle "EXT 2019"]
[Source "ChessBase"]
[SourceDate "2018.10.10"]
[SourceVersion "1"]
[SourceVersionDate "2018.10.10"]
[SourceQuality "1"]
[WhiteTeam "Jaworzno JKSz MCKiS"]
[BlackTeam "Rzeszow Zelmer"]
[WhiteTeamCountry "POL"]
[BlackTeamCountry "POL"]

1. c4 g6 2. Nc3 Bg7 3. g3 e5 4. Bg2 Ne7 5. e3 0-0 6. Nge2 f5 7. d3 Kh8 8. 0-0 c6 9. Rb1 a5 10. a3 d6 11. b4 axb4 12. axb4 Be6 13. b5 Nd7 14. bxc6 bxc6 15. Qc2 Qc7 16. Bd2 g5 17. f4 gxf4 18. exf4 Nf6 19. h3 h5 20. Be3 h4 21. Kh2 Nh5 22. gxh4 Ng6 23. Bf3 Nhxf4 24. h5 Nxe2 25. hxg6 Nxc3 26. Qxc3 e4 27. Qe1 Be5+ 28. Kh1 exf3 29. Bh6 Rfe8 30. Qh4 Kg8 31. d4 Bg7 32. Bf4 Bxc4 33. Qh7+ Kf8 34. Bh6 Bg8 35. Qh8 Ra3 36. Rf2 Qe7 37. Bxg7+ Qxg7 38. Qh5 Bd5 39. Qxf5+ Kg8 40. Qf4 Rae3 41. Qxd6 Qxd4 0-1

[Event "POL-chT 58th"]
[Site "Lubniewice"]
[Date "2002.09.02"]
[Round "3"]
[White "Erenska Barlo, Hanna"]
[Black "Guzkowska, Magdalena"]
[Result "0-1"]
[WhiteElo "2249"]
[BlackElo "2175"]
[PlyCount "78"]
[EventDate "2002.08.31"]
[EventType "team-tourn"]
[EventRounds "9"]
[EventCountry "POL"]
[SourceTitle "EXT 2019"]
[Source "ChessBase"]
[SourceDate "2018.10.10"]
[SourceVersion "1"]
[SourceVersionDate "2018.10.10"]
[SourceQuality "1"]
[WhiteTeam "Poznan Pocztowiec"]
[BlackTeam "Rzeszow Zelmer"]
[WhiteTeamCountry "POL"]
[BlackTeamCountry "POL"]

1. e4 c5 2. Nf3 e6 3. d4 cxd4 4. Nxd4 a6 5. Bd3 Nc6 6. Nxc6 bxc6 7. c4 Nf6 8. Nc3 d5 9. cxd5 cxd5 10. 0-0 Be7 11. Re1 dxe4 12. Nxe4 0-0 13. Qf3 Rb8 14. Bf4 Rxb2 15. Be5 Rb4 16. Bc3 Ra4 17. Bc2 Rc4 18. Nxf6+ Bxf6 19. Bxf6 Qxf6 20. Bxh7+ Kh8 21. Qxf6 gxf6 22. Be4 f5 23. Bf3 Rd8 24. Rac1 Rdd4 25. Rxc4 Rxc4 26. Rd1 Kg7 27. g3 Rc2 28. a4 Rc4 29. a5 Rc5 30. Rd8 e5 31. Bd5 Rxa5 32. h4 Rc5 33. h5 a5 34. Rd6 Rc1+ 35. Kh2 Rd1 36. Rc6 Bb7 37. Bb3 Rb1 38. Bc2 Rc1 39. h6+ Kh8 0-1

[Event "POL-chT2 South"]
[Site "Ustron"]
[Date "2001.09.??"]
[Round "?"]
[White "Bednarska, Malgorzata"]
[Black "Guzkowska, Magdalena"]
[Result "0-1"]
[WhiteElo "2223"]
[BlackElo "2176"]
[PlyCount "100"]
[EventDate "2001.09.14"]
[EventType "team-swiss"]
[EventRounds "10"]
[EventCountry "POL"]
[SourceTitle "EXT 2019"]
[Source "ChessBase"]
[SourceDate "2018.10.10"]
[SourceVersion "1"]
[SourceVersionDate "2018.10.10"]
[SourceQuality "1"]

1. e4 c5 2. Nf3 e6 3. d4 cxd4 4. Nxd4 a6 5. Nc3 Qc7 6. Be2 Nf6 7. 0-0 Nc6 8. Kh1 Nxd4 9. Qxd4 Bc5 10. Qd3 d6 11. Qg3 0-0 12. Bh6 Ne8 13. Rad1 b5 14. a3 b4 15. axb4 Bxb4 16. Rd3 Bb7 17. Bf3 a5 18. Rc1 Ba6 19. e5 Bxd3 20. Bxa8 Bg6 21. Bf4 d5 22. Na2 Qc8 23. Nxb4 axb4 24. Ra1 Bxc2 25. Bd2 Qc4 26. Bb7 Nc7 27. h4 Rb8 28. Ra7 Qc5 29. Be3 d4 30. Bh6 Bg6 31. Ra1 Rxb7 32. Bg5 h5 33. Rc1 Qd5 34. Bd2 b3 35. Qg5 Qd7 36. g4 Qd5+ 37. Kh2 Qf3 38. Rg1 Be4 39. Be1 hxg4 40. Qxg4 Qxg4 41. Rxg4 Bd5 42. Rxd4 Ra7 43. Rb4 Rb7 44. Ra4 Nb5 45. Rb4 Na3 46. Ra4 Nc2 47. Bd2 Rc7 48. Kg3 Rc4 49. Ra6 Nd4 50. Bg5 Rc2 0-1

[Event "POL-chT2 South"]
[Site "Ustron"]
[Date "2001.09.??"]
[Round "?"]
[White "Guzik, Jolanta"]
[Black "Guzkowska, Magdalena"]
[Result "0-1"]
[WhiteElo "2095"]
[BlackElo "2176"]
[PlyCount "86"]
[EventDate "2001.09.14"]
[EventType "team-swiss"]
[EventRounds "10"]
[EventCountry "POL"]
[SourceTitle "EXT 2019"]
[Source "ChessBase"]
[SourceDate "2018.10.10"]
[SourceVersion "1"]
[SourceVersionDate "2018.10.10"]
[SourceQuality "1"]
[WhiteTeam "Jaworzno JKSz MCKiS"]
[WhiteTeamCountry "POL"]

1. d4 d5 2. c4 e6 3. Nc3 c6 4. Nf3 dxc4 5. e4 b5 6. Bg5 Qb6 7. Rc1 Bb4 8. Be2 Bb7 9. 0-0 Ne7 10. a3 Bxc3 11. Rxc3 Ng6 12. Be3 Qd8 13. e5 0-0 14. b3 cxb3 15. Qxb3 a6 16. Ng5 Nd7 17. Ne4 c5 18. Nxc5 Nxc5 19. Rxc5 Bd5 20. Qc2 Qa5 21. Bc1 Ne7 22. Bd3 h6 23. Qe2 Rfc8 24. Rxc8+ Rxc8 25. Qg4 Kf8 26. Be4 Qc3 27. Bxd5 Nxd5 28. h3 a5 29. Qe2 Rc4 30. Bb2 Qb3 31. Rc1 Rxc1+ 32. Bxc1 b4 33. axb4 axb4 34. Kh2 Kg8 35. Qb5 Qc3 36. Qe8+ Kh7 37. Bxh6 Qxd4 38. Bc1 Qxf2 39. Qb8 Qc2 40. Bg5 b3 41. Qb7 b2 42. Qxf7 Qg6 43. Qf2 b1Q 0-1

[Event "POL-chT2 South"]
[Site "Ustron"]
[Date "2001.09.??"]
[Round "?"]
[White "Guzkowska, Magdalena"]
[Black "Jasik, Anna"]
[Result "0-1"]
[WhiteElo "2176"]
[BlackElo "2050"]
[PlyCount "76"]
[EventDate "2001.09.14"]
[EventType "team-swiss"]
[EventRounds "10"]
[EventCountry "POL"]
[SourceTitle "EXT 2019"]
[Source "ChessBase"]
[SourceDate "2018.10.10"]
[SourceVersion "1"]
[SourceVersionDate "2018.10.10"]
[SourceQuality "1"]

1. c4 g6 2. Nc3 Bg7 3. d4 c5 4. d5 d6 5. e4 Nf6 6. Nf3 0-0 7. Be2 Na6 8. h3 Nc7 9. Bg5 h6 10. Be3 a6 11. Qc2 Rb8 12. Rb1 b5 13. b4 cxb4 14. Rxb4 a5 15. Rb1 b4 16. a3 Na6 17. Nb5 Bd7 18. Nd2 bxa3 19. Nxa3 Nb4 20. Qd1 Ne8 21. 0-0 Nc7 22. Nb3 Na2 23. Nd4 Nc3 24. Rxb8 Qxb8 25. Qc2 Qb4 26. Nb1 Nxe2+ 27. Nxe2 a4 28. Bd2 Qb2 29. Qxb2 Bxb2 30. Bc3 Rb8 31. f3 Na6 32. Kf2 a3 33. Bxb2 a2 34. Nbc3 Rxb2 35. Ra1 Nb4 36. Kf1 Ba4 37. Nc1 Bb3 38. h4 Bxc4+ 0-1

[Event "POL-ch sf (Women)"]
[Site "Polanczyk"]
[Date "2000.11.08"]
[Round "5"]
[White "Guzkowska, Magdalena"]
[Black "Sosnowska, Elzbieta"]
[Result "1-0"]
[WhiteElo "2195"]
[BlackElo "2075"]
[PlyCount "85"]
[EventDate "2000.11.04"]
[EventType "swiss"]
[EventRounds "9"]
[EventCountry "POL"]
[SourceTitle "CBM 079 Extra"]
[Source "ChessBase"]
[SourceDate "2001.01.11"]
[SourceVersion "2"]
[SourceVersionDate "2001.01.25"]
[SourceQuality "1"]

1. d4 d5 2. c4 e6 3. Nf3 Nf6 4. Nc3 Bb4 5. e3 0-0 6. Bd3 c5 7. cxd5 exd5 8. 0-0 c4 9. Bc2 Bg4 10. Ne2 Nbd7 11. Ng3 Re8 12. h3 Bh5 13. Nxh5 Nxh5 14. Bd2 Bd6 15. a4 g6 16. b3 cxb3 17. Bxb3 Ndf6 18. Qb1 Rc8 19. Qa2 Ng7 20. a5 Re7 21. Kh1 Bb8 22. Bb4 Re6 23. Rfc1 Rec6 24. Qa3 Ne4 25. Rxc6 bxc6 26. Kg1 Nf5 27. Qa2 Qf6 28. Rc1 Re8 29. Ba4 Re6 30. Qxd5 Nh4 31. Rxc6 Rxc6 32. Qxc6 Nxf3+ 33. gxf3 Bd6 34. Bxd6 Nxd6 35. f4 Qe7 36. a6 Kg7 37. Qc5 f6 38. Qc6 Kh6 39. Qd7 Qf8 40. Qxa7 Qc8 41. Qc5 Qxa6 42. Qc6 Qa5 43. Qxd6 1-0

[Event "POL-ch (Women)"]
[Site "Brzeg Dolny"]
[Date "1996.??.??"]
[Round "2"]
[White "Guzkowska, Magdalena"]
[Black "Romaszko, Sylwia"]
[Result "1-0"]
[WhiteElo "2235"]
[BlackElo "2050"]
[PlyCount "91"]
[EventDate "1996.??.??"]
[EventType "tourn"]
[EventRounds "13"]
[EventCountry "POL"]
[SourceTitle "EXT 1998"]
[Source "ChessBase"]
[SourceDate "1997.11.17"]
[SourceVersion "1"]
[SourceVersionDate "1997.11.17"]
[SourceQuality "1"]

1. d4 f5 2. c4 Nf6 3. g3 g6 4. Bg2 Bg7 5. Nc3 0-0 6. Bg5 d6 7. h4 Nc6 8. Nf3 h6 9. Bxf6 Bxf6 10. Qd2 Bg7 11. 0-0-0 a6 12. Nd5 e5 13. dxe5 dxe5 14. e4 Nd4 15. Nxd4 exd4 16. Nf4 Kh7 17. h5 g5 18. Ng6 Rf7 19. e5 c5 20. Bd5 Rd7 21. e6 Rd6 22. e7 Qe8 23. Rhe1 Bd7 24. Qd3 Rb8 25. g4 Rxd5 26. cxd5 c4 27. Qf3 fxg4 28. Qe4 Kg8 29. d6 Qf7 30. Ne5 Bxe5 31. Qxe5 d3 32. Qe4 b5 33. Qg6+ Qxg6 34. hxg6 Kg7 35. Re5 Kxg6 36. Rde1 Kf7 37. Rc5 Rb6 38. Rc8 Be8 39. Rd8 Rb7 40. Re5 Rd7 41. Kd2 a5 42. Rf5+ Ke6 43. Rxe8 Rxd6 44. Rd8 Kxe7 45. Rxd6 Kxd6 46. Rxb5 1-0

[Event "POL-ch (Women)"]
[Site "Brzeg Dolny"]
[Date "1996.??.??"]
[Round "9"]
[White "Socko, Monika"]
[Black "Guzkowska, Magdalena"]
[Result "1/2-1/2"]
[WhiteElo "2305"]
[BlackElo "2235"]
[PlyCount "104"]
[EventDate "1996.??.??"]
[EventType "tourn"]
[EventRounds "13"]
[EventCountry "POL"]
[SourceTitle "EXT 1998"]
[Source "ChessBase"]
[SourceDate "1997.11.17"]
[SourceVersion "1"]
[SourceVersionDate "1997.11.17"]
[SourceQuality "1"]

1. d4 Nf6 2. c4 c5 3. d5 b5 4. cxb5 a6 5. b6 g6 6. Nc3 d6 7. e4 Qxb6 8. Bc4 Bg7 9. Nge2 0-0 10. 0-0 Nbd7 11. f4 Qb4 12. b3 Qb7 13. Qd3 Nb6 14. a4 a5 15. Bd2 Ne8 16. Rab1 Nc7 17. Nb5 Bd7 18. Bc3 Bxb5 19. Bxb5 Nxb5 20. Qxb5 Qa6 21. Qxa6 Rxa6 22. Bxg7 Kxg7 23. Nc3 Rb8 24. Kf2 Nc8 25. Rfc1 Na7 26. Na2 Rab6 27. Rc3 e6 28. dxe6 fxe6 29. e5 Rc8 30. exd6 Rxd6 31. Nc1 Rb6 32. Ra1 c4 33. Rxc4 Rxc4 34. bxc4 Rc6 35. Nb3 Rxc4 36. Nxa5 Rxf4+ 37. Kg3 Rf5 38. Nc4 Rc5 39. Rb1 Rxc4 40. Rb7+ Kf6 41. Rxa7 h5 42. h3 h4+ 43. Kh2 Rc2 44. a5 Ra2 45. a6 e5 46. Ra8 e4 47. a7 Kg7 48. Kg1 e3 49. Kf1 Kh7 50. Re8 Rxa7 51. Rxe3 g5 52. Ke2 Kg6 1/2-1/2

[Event "POL-chT 51st"]
[Site "Lubniewice"]
[Date "1995.09.??"]
[Round "5"]
[White "Guzkowska, Magdalena"]
[Black "Dworakowska, Joanna"]
[Result "0-1"]
[WhiteElo "2195"]
[BlackElo "2290"]
[PlyCount "82"]
[EventDate "1995.09.14"]
[EventType "team-tourn"]
[EventRounds "11"]
[EventCountry "POL"]
[SourceTitle "EXT 2019"]
[Source "ChessBase"]
[SourceDate "2018.10.10"]
[SourceVersion "1"]
[SourceVersionDate "2018.10.10"]
[SourceQuality "1"]
[WhiteTeam "Wroclaw Hetman"]
[BlackTeam "Warszawa Maraton"]
[WhiteTeamCountry "POL"]
[BlackTeamCountry "POL"]

1. d4 d5 2. c4 dxc4 3. Nc3 a6 4. a4 Nc6 5. d5 Nb4 6. e4 e6 7. Bxc4 Nf6 8. Bg5 exd5 9. Bxd5 Qe7 10. Nge2 h6 11. Bxf6 Qxf6 12. 0-0 Bc5 13. a5 0-0 14. Na4 Ba7 15. Rc1 Nxd5 16. exd5 Qe5 17. Nec3 Bf5 18. Qb3 Bd3 19. Qxb7 Bxf1 20. Rxf1 Bd4 21. Qc6 Rfe8 22. g3 h5 23. Nc5 Rad8 24. Nxa6 Rd6 25. Qc4 Rf6 26. Nxc7 Re7 27. N3b5 Bxf2+ 28. Rxf2 Rxf2 29. Kxf2 Qe1+ 30. Kg2 Re2+ 31. Qxe2 Qxe2+ 32. Kg1 Qe1+ 33. Kg2 Qxa5 34. d6 Qd2+ 35. Kf3 Qxh2 36. Ke4 Qxg3 37. Kd5 Qg5+ 38. Kc6 h4 39. Nd4 h3 40. d7 Qf6+ 41. Kc5 Qe7+ 0-1

[Event "POL-chT 51st"]
[Site "Lubniewice"]
[Date "1995.09.??"]
[Round "6"]
[White "Szmigielska, Anna"]
[Black "Guzkowska, Magdalena"]
[Result "0-1"]
[WhiteElo "2170"]
[BlackElo "2195"]
[PlyCount "66"]
[EventDate "1995.09.14"]
[EventType "team-tourn"]
[EventRounds "11"]
[EventCountry "POL"]
[SourceTitle "EXT 2019"]
[Source "ChessBase"]
[SourceDate "2018.10.10"]
[SourceVersion "1"]
[SourceVersionDate "2018.10.10"]
[SourceQuality "1"]
[WhiteTeam "Legnica Miedz"]
[BlackTeam "Wroclaw Hetman"]
[WhiteTeamCountry "POL"]
[BlackTeamCountry "POL"]

1. e4 c5 2. Nf3 e6 3. d4 cxd4 4. Nxd4 a6 5. Bd3 Nc6 6. Nxc6 dxc6 7. 0-0 e5 8. Nd2 Nf6 9. Nc4 Bg4 10. Qe1 Nd7 11. f4 Be6 12. Kh1 f6 13. fxe5 Bxc4 14. Bxc4 Nxe5 15. Qc3 Qd6 16. Bf4 0-0-0 17. Be2 Qc7 18. b4 Bd6 19. a4 h5 20. Rad1 Kb8 21. Qb3 g5 22. Bg3 h4 23. Bxe5 Bxe5 24. h3 Rxd1 25. Rxd1 Rd8 26. Rd3 Qe7 27. Kg1 Rxd3 28. Bxd3 Bd4+ 29. Kh1 Qe5 30. Bxa6 bxa6 31. Qg8+ Ka7 32. b5 axb5 33. axb5 Qxb5 0-1

[Event "Nadole zt (Women)"]
[Site "Nadole"]
[Date "1995.??.??"]
[Round "?"]
[White "Dojkova, Galina"]
[Black "Guzkowska, Magdalena"]
[Result "0-1"]
[WhiteElo "2155"]
[BlackElo "2155"]
[PlyCount "54"]
[EventDate "1995.??.??"]
[EventType "swiss"]
[EventRounds "9"]
[EventCountry "POL"]
[SourceTitle "EXT 2001"]
[Source "ChessBase"]
[SourceDate "2000.11.22"]
[SourceVersion "1"]
[SourceVersionDate "2000.11.22"]
[SourceQuality "1"]

1. e4 c5 2. Nf3 e6 3. d4 cxd4 4. Nxd4 a6 5. Bd3 Nc6 6. Nb3 Nf6 7. Nc3 d6 8. 0-0 b5 9. f4 Be7 10. Qf3 Bd7 11. Be3 0-0 12. g4 Nb4 13. g5 Ne8 14. Qh5 Nxd3 15. cxd3 g6 16. Qh6 f5 17. Nd4 Ng7 18. exf5 Nxf5 19. Nxf5 Rxf5 20. Ne4 Bc6 21. Bd4 e5 22. fxe5 Bxe4 23. dxe4 Rxg5+ 24. Kh1 dxe5 25. Bg1 Qd3 26. Rae1 Rc8 27. Rf2 Rc1 0-1